00588pab a2200181 454500008004000000100002600040245007300066260000900139300001500148362000800163650003600171650002800207773003200235908000600267909001000273999001700283952010600300180718b2011 xxu||||| |||| 00| 0 eng d aBaluch, Mazhar-ul-Haq aAgricultural productivity in Pakistan: A dilemma of strategic reform c2011 ap.353-383. aOct aAgricultural production - India aAgricultural production aIndian Journal of Economics aN a97023 c97023d97023 00104070aIIPAbIIPAd2018-07-19hVolume no: 88, Issue no: 365pAR97483r2018-07-19w2018-07-19yAR